[Event "Torredembarra op"]
[Site "Torredembarra"]
[Date "2014.07.08"]
[Round "4"]
[White "Umudova, N."]
[Black "Sanchez Bernardino, MA."]
[Result "1-0"]
[WhiteElo "2210"]
[BlackElo "2043"]
[PlyCount "67"]
[EventDate "2014.07.05"]
[EventType "swiss"]
[EventRounds "9"]
[EventCountry "ESP"]
[Source "Chessbase"]
[SourceDate "2014.07.18"]

1. e4 e6 2. d4 d5 3. Nc3 Bb4 4. e5 c5 5. a3 Ba5 6. b4 cxd4 7. Qg4 Ne7 8. Qxg7
Rg8 9. Qxh7 Bc7 10. Nb5 a6 11. Nxd4 Bxe5 12. c3 Qc7 13. Nge2 Bd7 14. Bd2 Bc6
15. f4 Rh8 16. Qd3 Bd6 17. g3 Nd7 18. Bg2 Nb6 19. O-O Nc4 20. a4 Bd7 21. Nc2
Nf5 22. Ned4 Nb2 23. Qe2 Nxd4 24. Nxd4 O-O-O 25. a5 Rh7 26. b5 axb5 27. a6 bxa6
28. Rxa6 Nc4 29. Rfa1 Bc5 30. Be1 Bc6 31. Bf2 Bb7 32. Nxb5 Qd7 33. Qxc4 dxc4
34. Ra8+ 1-0

[Event "Torredembarra op"]
[Site "Torredembarra"]
[Date "2014.07.09"]
[Round "5"]
[White "Farran Martos, FX."]
[Black "Umudova, N."]
[Result "1-0"]
[WhiteElo "2314"]
[BlackElo "2210"]
[PlyCount "61"]
[EventDate "2014.07.05"]
[EventType "swiss"]
[EventRounds "9"]
[EventCountry "ESP"]
[Source "Chessbase"]
[SourceDate "2014.07.18"]

1. e4 c5 2. Nf3 d6 3. d4 cxd4 4. Nxd4 Nf6 5. Nc3 a6 6. Bg5 e6 7. f4 Nbd7 8. Qf3
Qc7 9. O-O-O Be7 10. g4 h6 11. Bxf6 Bxf6 12. h4 Nc5 13. g5 Be7 14. g6 Bf6 15.
Bb5+ Kf8 16. e5 dxe5 17. fxe5 Qxe5 18. Rhe1 Qh2 19. Nd5 Qxh4 20. Nxf6 Qxf6 21.
Qa3 b6 22. Bc6 Ra7 23. Nb5 Rb7 24. Bxb7 Bxb7 25. Rd7 Qg5+ 26. Kb1 Ke8 27. Rxf7
axb5 28. Qa7 Qxg6 29. Rc7 Qf6 30. Rd1 Bd5 31. Rc8+ 1-0

[Event "Torredembarra op"]
[Site "Torredembarra"]
[Date "2014.07.09"]
[Round "5"]
[White "Lasinskas, P."]
[Black "Gonzalez Rodriguez, JA."]
[Result "0-1"]
[WhiteElo "2212"]
[BlackElo "2385"]
[PlyCount "98"]
[EventDate "2014.07.05"]
[EventType "swiss"]
[EventRounds "9"]
[EventCountry "ESP"]
[Source "Chessbase"]
[SourceDate "2014.07.18"]

1. d4 Nf6 2. c4 e6 3. Nc3 Bb4 4. a3 Bxc3+ 5. bxc3 d6 6. e3 c5 7. Bd3 Nc6 8. Ne2
e5 9. d5 Ne7 10. Ng3 O-O 11. O-O Ne8 12. f4 exf4 13. exf4 f5 14. Qc2 g6 15. Bd2
Ng7 16. Rfe1 Kh8 17. Re2 Ng8 18. Nf1 Nh5 19. h3 Qh4 20. Rf2 Bd7 21. Nh2 Rae8
22. Rb1 b6 23. Nf3 Qd8 24. Kh2 Re7 25. Re1 Rxe1 26. Nxe1 Re8 27. g3 Nhf6 28.
Nf3 Ne4 29. Ng5 Qe7 30. Re2 Ngf6 31. Be1 h6 32. Nf3 Qf7 33. Nh4 g5 34. fxg5
hxg5 35. Ng2 Qh5 36. Kg1 Kg7 37. h4 Rh8 38. Re3 Kf7 39. Be2 Qg6 40. Kf1 f4 41.
Rd3 fxg3 42. h5 Rxh5 43. Bf3 Rh1+ 44. Ke2 g4 45. Bxe4 Qxe4+ 46. Kd1 Ba4 47.
Qxa4 Qxd3+ 48. Kc1 Qxc3+ 49. Kd1 Qf3+ 0-1

[Event "Torredembarra op"]
[Site "Torredembarra"]
[Date "2014.07.09"]
[Round "5"]
[White "Monell Camarasa, D."]
[Black "Juberias Segura, S."]
[Result "1-0"]
[WhiteElo "2254"]
[BlackElo "2050"]
[PlyCount "99"]
[EventDate "2014.07.05"]
[EventType "swiss"]
[EventRounds "9"]
[EventCountry "ESP"]
[Source "Chessbase"]
[SourceDate "2014.07.18"]

1. d4 Nf6 2. c4 g6 3. Nc3 Bg7 4. e4 d6 5. Nf3 O-O 6. Be2 e5 7. O-O Nc6 8. d5
Ne7 9. b4 Ne8 10. c5 f5 11. Ng5 Nf6 12. Bf3 h6 13. Ne6 Bxe6 14. dxe6 fxe4 15.
cxd6 cxd6 16. Nxe4 Nxe4 17. Bxe4 d5 18. Bc2 Qc8 19. Ba3 b5 20. Rc1 Qxe6 21. Bb3
Rac8 22. Qd3 a6 23. Rfd1 Rxc1 24. Bxc1 Rd8 25. Be3 Qf5 26. Qd2 Kf7 27. Bxh6
Bxh6 28. Qxh6 Qf4 29. Qh7+ Ke6 30. a3 Rc8 31. Qh3+ Qf5 32. Qe3 Rc6 33. Re1 Kd6
34. h3 d4 35. Rd1 Kc7 36. Qh6 Rc3 37. Qg7 Kd6 38. Bf7 Rc2 39. Rf1 d3 40. Qf8
Rc8 41. Qg7 Rc2 42. Bb3 Rc3 43. Bd1 Rxa3 44. Bg4 Qf4 45. g3 Qg5 46. f4 exf4 47.
gxf4 Qh4 48. Qd4+ Kc7 49. Rc1+ Nc6 50. Qa7+ 1-0

[Event "Torredembarra op"]
[Site "Torredembarra"]
[Date "2014.07.09"]
[Round "5"]
[White "Perez Mitjans, O."]
[Black "Burg, T."]
[Result "1/2-1/2"]
[WhiteElo "2414"]
[BlackElo "2508"]
[PlyCount "92"]
[EventDate "2014.07.05"]
[EventType "swiss"]
[EventRounds "9"]
[EventCountry "ESP"]
[Source "Chessbase"]
[SourceDate "2014.07.18"]

1. e4 c5 2. Nf3 d6 3. Bb5+ Nd7 4. d4 cxd4 5. Qxd4 a6 6. Bxd7+ Bxd7 7. O-O e5 8.
Qd3 h6 9. c4 b5 10. Nc3 bxc4 11. Qxc4 Nf6 12. b3 Be7 13. Qd3 O-O 14. Nd2 Bc6
15. Bb2 d5 16. exd5 Nxd5 17. Nxd5 Bxd5 18. Rfd1 f6 19. Nc4 Be6 20. Qg6 Bf7 21.
Qg3 Qe8 22. Ne3 Be6 23. Rac1 Rc8 24. Qf3 Qb5 25. Nf5 Bxf5 26. Qxf5 Rxc1 27.
Qe6+ Kh7 28. Rxc1 Qe2 29. Qf5+ Kg8 30. Qc2 Qxc2 31. Rxc2 Rd8 32. g3 Kf7 33. Kg2
Ke6 34. Bc1 h5 35. Be3 g5 36. Rc6+ Rd6 37. Rc8 Rd8 38. Rc7 Rd7 39. Rc4 Rd5 40.
h4 g4 41. Kf1 f5 42. Ke2 Bd6 43. Ra4 a5 44. Rc4 Kd7 45. a4 Bb4 46. Rc1 Bd6
1/2-1/2

[Event "Torredembarra op"]
[Site "Torredembarra"]
[Date "2014.07.09"]
[Round "5"]
[White "Ruiz Font, E."]
[Black "Alarcon Casellas, R."]
[Result "0-1"]
[WhiteElo "2063"]
[BlackElo "2378"]
[PlyCount "96"]
[EventDate "2014.07.05"]
[EventType "swiss"]
[EventRounds "9"]
[EventCountry "ESP"]
[Source "Chessbase"]
[SourceDate "2014.07.18"]

1. e4 c5 2. Nf3 Nc6 3. d4 cxd4 4. Nxd4 e6 5. Be2 Qb6 6. Nb3 Nf6 7. N1d2 Qc7 8.
O-O Bd6 9. g3 Be7 10. Bf3 h5 11. Nc4 b5 12. Na3 Rb8 13. Bf4 d6 14. c4 bxc4 15.
Nxc4 e5 16. Bg5 Nd4 17. Rc1 Nxf3+ 18. Qxf3 Bg4 19. Qd3 Qd7 20. h4 O-O 21. Ne3
Be6 22. Rfd1 Qa4 23. Bxf6 Bxf6 24. Ra1 Rb6 25. Nd5 Bxd5 26. Qxd5 Rd8 27. Rdc1
Qd7 28. Kh2 g6 29. Rc2 Rdb8 30. Rac1 Bd8 31. Nc5 Qg4 32. Nd3 Kg7 33. b3 g5 34.
hxg5 h4 35. Nxe5 dxe5 36. Qxe5+ Kh7 37. Qf4 hxg3+ 38. fxg3 Qh5+ 39. Kg2 Bxg5
40. Qf5+ Qg6 41. Rh1+ Kg7 42. Qe5+ Bf6 43. Qf4 Rb4 44. Kf3 Re8 45. Re2 Rd4 46.
g4 Rd3+ 47. Kg2 Be5 48. Qf5 Rg3+ 0-1

[Event "Torredembarra op"]
[Site "Torredembarra"]
[Date "2014.07.10"]
[Round "6"]
[White "Burg, T."]
[Black "Alarcon Casellas, R."]
[Result "1-0"]
[WhiteElo "2508"]
[BlackElo "2378"]
[PlyCount "139"]
[EventDate "2014.07.05"]
[EventType "swiss"]
[EventRounds "9"]
[EventCountry "ESP"]
[Source "Chessbase"]
[SourceDate "2014.07.18"]

1. e4 c5 2. Nf3 e6 3. d4 cxd4 4. Nxd4 a6 5. c4 Nf6 6. Nc3 Qc7 7. a3 b6 8. Be3
Bb7 9. f3 d6 10. Be2 Nbd7 11. Rc1 Rc8 12. b4 Qb8 13. O-O Be7 14. Kh1 O-O 15.
Nb3 Rfe8 16. Na4 Bd8 17. Bg1 Bc7 18. Nd4 d5 19. exd5 exd5 20. c5 Bf4 21. Rc3
bxc5 22. Nxc5 Qa8 23. Qc2 Nxc5 24. bxc5 Be5 25. Rb1 Bc6 26. Qd2 Nd7 27. Bf1 g6
28. Rcc1 Bg7 29. Qa5 Bh6 30. Rc2 Bb7 31. Bf2 Ne5 32. Rb6 Nc4 33. Bxc4 dxc4 34.
Rxc4 Bd5 35. Rc2 Qa7 36. Nb5 Qd7 37. Rd6 Qf5 38. Nd4 Qh5 39. h3 Bf4 40. Rxa6
Rb8 41. Rb6 Ra8 42. Qc3 Bc7 43. Rb1 Qe5 44. Bg1 Ba5 45. Qd3 Qh5 46. c6 Bc7 47.
Nb5 Bg3 48. Rc5 Re5 49. c7 Bb7 50. Rxe5 Bxe5 51. Bh2 Bxh2 52. Kxh2 Qe5+ 53. Kh1
Rc8 54. Nd6 Rxc7 55. Nxb7 Rc3 56. Qd8+ Kg7 57. Rd1 Rxa3 58. Qd4 Qxd4 59. Rxd4
h5 60. Rd7 Ra7 61. Nc5 Ra1+ 62. Kh2 h4 63. Ne4 Ra5 64. Nd6 Kf6 65. Nxf7 Ke6 66.
Rb7 Rh5 67. Nd8+ Kd6 68. Rg7 Rb5 69. Rxg6+ Kd7 70. Ne6 1-0

[Event "Torredembarra op"]
[Site "Torredembarra"]
[Date "2014.07.10"]
[Round "6"]
[White "Gonzalez Rodriguez, JA."]
[Black "Galimany Rovira, X."]
[Result "1-0"]
[WhiteElo "2385"]
[BlackElo "2017"]
[PlyCount "91"]
[EventDate "2014.07.05"]
[EventType "swiss"]
[EventRounds "9"]
[EventCountry "ESP"]
[Source "Chessbase"]
[SourceDate "2014.07.18"]

1. b3 d5 2. e3 Bf5 3. Bb2 e6 4. Nf3 Nd7 5. Be2 Ngf6 6. Nh4 Bd6 7. Nxf5 exf5 8.
g3 Ne5 9. f4 Ned7 10. Bf3 Qe7 11. Qe2 c6 12. O-O O-O 13. a3 a5 14. Re1 a4 15.
b4 Rfe8 16. c4 dxc4 17. Qxc4 Qe6 18. Qc2 c5 19. b5 Ra7 20. d3 c4 21. dxc4 Bc5
22. Kg2 Ng4 23. Bxg4 fxg4 24. e4 Nb6 25. Nd2 Qh6 26. Re2 Raa8 27. e5 Rac8 28.
Rc1 Qh3+ 29. Kh1 Re6 30. Qe4 Rh6 31. Qg2 Qxg2+ 32. Kxg2 Bf8 33. Re3 Re6 34. Rd3
Ree8 35. Kf2 Rc7 36. Ke2 Rec8 37. Bd4 Bc5 38. Bxc5 Rxc5 39. Rd6 Na8 40. Ne4
R5c7 41. Rcd1 Kf8 42. c5 Ke7 43. b6 Rxc5 44. Rd7+ Ke6 45. R1d6+ Kf5 46. Nxc5
1-0

[Event "Torredembarra op"]
[Site "Torredembarra"]
[Date "2014.07.10"]
[Round "6"]
[White "Guix Torres, D."]
[Black "Monell Camarasa, D."]
[Result "1-0"]
[WhiteElo "2045"]
[BlackElo "2254"]
[PlyCount "87"]
[EventDate "2014.07.05"]
[EventType "swiss"]
[EventRounds "9"]
[EventCountry "ESP"]
[Source "Chessbase"]
[SourceDate "2014.07.18"]

1. e4 d5 2. exd5 Qxd5 3. Nc3 Qd8 4. d4 c6 5. Bc4 Nf6 6. Nf3 Nbd7 7. O-O Nb6 8.
Bb3 a5 9. a4 Nbd5 10. h3 Bf5 11. Re1 e6 12. Ne2 Be7 13. c3 O-O 14. Ng3 Bg6 15.
Ne5 c5 16. Bg5 cxd4 17. Qxd4 Qc7 18. Bxd5 Bc5 19. Qh4 Nxd5 20. Nxg6 hxg6 21.
Ne4 f6 22. Nxc5 Qxc5 23. Be3 Qc6 24. Rad1 Rad8 25. Qd4 e5 26. Qc5 Nxe3 27. Qxc6
bxc6 28. fxe3 c5 29. e4 c4 30. Kf2 Kf7 31. Ke2 Ke6 32. Rxd8 Rxd8 33. Rd1 Rb8
34. Rd2 f5 35. Kf3 Rf8 36. Ke3 fxe4 37. Kxe4 g5 38. g3 g6 39. Rd5 Rf1 40. Rxe5+
Kf6 41. Rxa5 Rg1 42. Kf3 Rf1+ 43. Kg4 Ra1 44. Ra6+ 1-0

[Event "Torredembarra op"]
[Site "Torredembarra"]
[Date "2014.07.10"]
[Round "6"]
[White "Umudova, N."]
[Black "Lasinskas, P."]
[Result "1-0"]
[WhiteElo "2210"]
[BlackElo "2212"]
[PlyCount "105"]
[EventDate "2014.07.05"]
[EventType "swiss"]
[EventRounds "9"]
[EventCountry "ESP"]
[Source "Chessbase"]
[SourceDate "2014.07.18"]

1. e4 e5 2. Nf3 Nc6 3. Bb5 a6 4. Ba4 Nf6 5. Qe2 b5 6. Bb3 Bc5 7. O-O d6 8. c3
Bg4 9. h3 Bh5 10. a4 Rb8 11. axb5 axb5 12. Ra6 Ne7 13. Rd1 Qc8 14. Ra1 g5 15.
d4 g4 16. Ng5 gxh3 17. Qxh5 Nxh5 18. Bxf7+ Kf8 19. Bxh5 h6 20. Nf7 Rh7 21. Rd3
Rxf7 22. Bxh6+ Kg8 23. Rg3+ Kh7 24. Rxh3 Qxh3 25. gxh3 Kxh6 26. Bxf7 exd4 27.
b4 Bb6 28. cxd4 Rf8 29. Bd5 Bxd4 30. Ra2 c6 31. Be6 Kg5 32. Rd2 c5 33. Na3 Rb8
34. Bd7 Rb7 35. Be8 Rb8 36. Bd7 cxb4 37. Nxb5 Be5 38. Rd3 Ng8 39. Be6 Nf6 40.
Nxd6 Kf4 41. Nf7 Bc3 42. f3 Ra8 43. Kf2 Ra1 44. Nd6 Rc1 45. Bb3 Rb1 46. Bd1
Rb2+ 47. Be2 Nh5 48. Nc4 Ra2 49. Ne3 Kg5 50. Nd5 Nf4 51. h4+ Kxh4 52. Nxf4 Rc2
53. Rd5 1-0

[Event "Torredembarra op"]
[Site "Torredembarra"]
[Date "2014.07.11"]
[Round "7"]
[White "Alarcon Casellas, R."]
[Black "Umudova, N."]
[Result "1-0"]
[WhiteElo "2378"]
[BlackElo "2210"]
[PlyCount "121"]
[EventDate "2014.07.05"]
[EventType "swiss"]
[EventRounds "9"]
[EventCountry "ESP"]
[Source "Chessbase"]
[SourceDate "2014.07.18"]

1. d4 Nf6 2. Bg5 d5 3. e3 c5 4. Nd2 Qb6 5. Ngf3 Nc6 6. dxc5 Qxb2 7. Be2 Qc3 8.
O-O e6 9. Rb1 Be7 10. Rb3 Qxc5 11. c4 O-O 12. Qb1 a6 13. cxd5 exd5 14. Bd3 h6
15. Bf4 b5 16. Rc1 Qb6 17. a4 b4 18. a5 Qb7 19. Rb2 Bd7 20. Nb3 Rfe8 21. h3 Ne4
22. Bxe4 dxe4 23. Nfd4 Nxd4 24. exd4 Qd5 25. Nc5 Bc6 26. Qa2 Qxa2 27. Rxa2 Bf6
28. Be3 Red8 29. Rd2 Rd6 30. Rb1 Bd8 31. Ra2 Bd5 32. Ra4 b3 33. Nxb3 Bxb3 34.
Rxb3 Rd5 35. Rba3 Rb8 36. g4 Rb2 37. Rc3 Bxa5 38. Rc8+ Kh7 39. Re8 Rb4 40. Ra2
Rb6 41. Rxe4 Bb4 42. Re8 Rc6 43. Ra8 a5 44. Ra7 Kg6 45. Kg2 Kf6 46. f4 g6 47.
Bf2 Rc3 48. Re2 Rc6 49. Kf3 Rc3+ 50. Re3 Rxe3+ 51. Bxe3 Ke6 52. Ke4 h5 53. f5+
gxf5+ 54. gxf5+ Rxf5 55. Ra6+ Bd6 56. Rxd6+ Kxd6 57. Kxf5 Kd5 58. Kf6 a4 59.
Kxf7 Kc4 60. Bc1 Kxd4 61. Kg6 1-0

[Event "Torredembarra op"]
[Site "Torredembarra"]
[Date "2014.07.11"]
[Round "7"]
[White "Gonzalez Rodriguez, JA."]
[Black "Burg, T."]
[Result "1-0"]
[WhiteElo "2385"]
[BlackElo "2508"]
[PlyCount "95"]
[EventDate "2014.07.05"]
[EventType "swiss"]
[EventRounds "9"]
[EventCountry "ESP"]
[Source "Chessbase"]
[SourceDate "2014.07.18"]

1. b3 d5 2. e3 Bf5 3. Bb2 c6 4. Nf3 e6 5. d4 Nd7 6. Be2 Bd6 7. O-O Ngf6 8. c4
h6 9. Ne5 O-O 10. Nd2 Qe7 11. c5 Bc7 12. b4 Nxe5 13. dxe5 Nd7 14. f4 f6 15.
exf6 Nxf6 16. Nf3 Nd7 17. Nd4 e5 18. Nxf5 Rxf5 19. Bg4 Rf7 20. g3 a5 21. a3 Nf6
22. Bf5 Rff8 23. Qb3 a4 24. Qc2 Kh8 25. Rae1 Qe8 26. Kg2 Qe7 27. Qd1 Ne4 28.
Bxe4 dxe4 29. Qc2 Rad8 30. Qxe4 Rd2+ 31. Rf2 Rxf2+ 32. Kxf2 Qe6 33. Kg2 Rd8 34.
Re2 Kg8 35. Rf2 Rd1 36. fxe5 Rd5 37. Bd4 Rd7 38. Qf5 Qe8 39. e6 Re7 40. Qg4 Kh7
41. h4 Qc8 42. h5 Qd8 43. Rf7 Qd5+ 44. Kh2 Qa2+ 45. Kh3 Rxf7 46. Qg6+ Kg8 47.
Qxf7+ Kh7 48. Qxg7# 1-0

[Event "Torredembarra op"]
[Site "Torredembarra"]
[Date "2014.07.11"]
[Round "7"]
[White "Guix Torres, D."]
[Black "Farran Martos, FX."]
[Result "0-1"]
[WhiteElo "2045"]
[BlackElo "2314"]
[PlyCount "104"]
[EventDate "2014.07.05"]
[EventType "swiss"]
[EventRounds "9"]
[EventCountry "ESP"]
[Source "Chessbase"]
[SourceDate "2014.07.18"]

1. e4 c5 2. Nf3 e6 3. d4 cxd4 4. Nxd4 Nc6 5. Nc3 Qc7 6. g3 Nf6 7. Bg2 a6 8. O-O
Be7 9. Re1 O-O 10. Kh1 Nxd4 11. Qxd4 Bc5 12. Qd1 Bxf2 13. Rf1 Bc5 14. Rxf6 gxf6
15. Bh6 Kh8 16. Qh5 Rg8 17. Qxf7 Qd8 18. Rf1 Rg6 19. Bd2 Qe7 20. Qxe7 Bxe7 21.
Ne2 a5 22. a4 Ra6 23. Nf4 Rg8 24. Rf2 Bc5 25. Rf3 Bd4 26. Bf1 Rd6 27. Rd3 b6
28. Bc3 e5 29. Bxd4 Rxd4 30. Rxd4 exd4 31. Kg1 Bb7 32. Bd3 Re8 33. Nh5 Bxe4 34.
Nxf6 Bxd3 35. Nxe8 Bxc2 36. Kf2 Bxa4 37. Nd6 Bb3 38. Ke2 Kg7 39. Kd3 Kf6 40.
Kxd4 Kg5 41. Nc8 b5 42. Nd6 b4 43. Ne4+ Kf5 44. Nf2 a4 45. Nd3 a3 46. bxa3 bxa3
47. Kc3 Be6 48. Nf2 a2 49. Kb2 Bc4 50. h4 d5 51. Nh3 Kg4 52. Ng5 h5 0-1

[Event "Torredembarra op"]
[Site "Torredembarra"]
[Date "2014.07.11"]
[Round "7"]
[White "Perez Mitjans, O."]
[Black "Ruiz Font, E."]
[Result "1-0"]
[WhiteElo "2414"]
[BlackElo "2063"]
[PlyCount "71"]
[EventDate "2014.07.05"]
[EventType "swiss"]
[EventRounds "9"]
[EventCountry "ESP"]
[Source "Chessbase"]
[SourceDate "2014.07.18"]

1. e4 e5 2. Nf3 Nc6 3. d4 exd4 4. Nxd4 Nf6 5. Nxc6 bxc6 6. e5 Qe7 7. Qe2 Nd5 8.
Nd2 g6 9. Ne4 Bg7 10. c4 Ba6 11. f4 O-O 12. Qc2 Nb4 13. Qa4 c5 14. a3 Bb7 15.
Nxc5 Qxc5 16. axb4 Qd4 17. Qd1 Qe4+ 18. Qe2 f6 19. Qxe4 Bxe4 20. e6 dxe6 21.
Ra6 Rfe8 22. c5 Kh8 23. Kf2 f5 24. Bc4 Bd4+ 25. Kg3 e5 26. h4 Bb7 27. Ra3 a5
28. Rxa5 Rxa5 29. bxa5 Bxc5 30. fxe5 Bd4 31. e6 Kg7 32. Rd1 Be5+ 33. Bf4 Bxf4+
34. Kxf4 Bc6 35. Ke5 Rb8 36. b3 1-0

[Event "Torredembarra op"]
[Site "Torredembarra"]
[Date "2014.07.11"]
[Round "7"]
[White "Pogorelov, R."]
[Black "Galimany Rovira, X."]
[Result "0-1"]
[WhiteElo "2350"]
[BlackElo "2017"]
[PlyCount "77"]
[EventDate "2014.07.05"]
[EventType "swiss"]
[EventRounds "9"]
[EventCountry "ESP"]
[Source "Chessbase"]
[SourceDate "2014.07.18"]

1. Nf3 c5 2. c4 Nf6 3. Nc3 Nc6 4. d4 cxd4 5. Nxd4 g6 6. e4 d6 7. Be2 Bg7 8. Be3
O-O 9. O-O Bd7 10. Qd2 Nxd4 11. Bxd4 Bc6 12. f3 Nd7 13. Be3 a5 14. b3 Nc5 15.
Rab1 Qb6 16. Rfc1 f5 17. exf5 Rxf5 18. Rc2 Raf8 19. a3 Qd8 20. b4 axb4 21. axb4
Ne6 22. Bd3 Rh5 23. Ne2 Bxf3 24. gxf3 Rxf3 25. Be4 Qf8 26. Bxf3 Qxf3 27. Rf1
Qg4+ 28. Ng3 Re5 29. Qe2 Qh3 30. Qf3 h5 31. Rg2 Bf6 32. Bb6 Ng5 33. Qxb7 h4 34.
Ne2 Qd3 35. Nf4 Qc3 36. Nxg6 Re1 37. Qd5+ Kg7 38. Qf5 e6 39. Rxg5 0-1

[Event "Torredembarra op"]
[Site "Torredembarra"]
[Date "2014.07.12"]
[Round "8"]
[White "Alarcon Casellas, R."]
[Black "Perez Mitjans, O."]
[Result "1/2-1/2"]
[WhiteElo "2378"]
[BlackElo "2414"]
[PlyCount "93"]
[EventDate "2014.07.05"]
[EventType "swiss"]
[EventRounds "9"]
[EventCountry "ESP"]
[Source "Chessbase"]
[SourceDate "2014.07.18"]

1. d4 Nf6 2. Bg5 d5 3. e3 c6 4. Nd2 Nbd7 5. f4 Qb6 6. Rb1 Ne4 7. Ngf3 Nxg5 8.
Nxg5 c5 9. c3 cxd4 10. exd4 Nf6 11. Bd3 Qc7 12. O-O h6 13. Ngf3 e6 14. Ne5 Bd6
15. Qe2 Qe7 16. Rf3 Bd7 17. Rg3 g6 18. c4 dxc4 19. Ndxc4 Bc7 20. Nxf7 Kxf7 21.
Ne5+ Ke8 22. Nxg6 Qg7 23. Nxh8 Qxh8 24. Bb5 Ke7 25. Re1 Nd5 26. Bxd7 Nxf4 27.
Qe4 Kxd7 28. Rc3 Rf8 29. g3 Qg8 30. Qxb7 Nd5 31. Rxc7+ Nxc7 32. Rc1 Rc8 33. d5
Qg4 34. Qc6+ Kd8 35. Qd6+ Ke8 36. Qe5 Kd7 37. h3 Qg6 38. dxe6+ Qxe6 39. Qg7+
Kd6 40. Qc3 Kd7 41. Qg7+ Kd6 42. Qc3 Kd7 43. Qg7+ Kd6 44. Qc3 Kd7 45. Qg7+ Kd6
46. Qc3 Kd7 47. Qg7+ 1/2-1/2

[Event "Torredembarra op"]
[Site "Torredembarra"]
[Date "2014.07.12"]
[Round "8"]
[White "Burg, T."]
[Black "Guix Torres, D."]
[Result "1-0"]
[WhiteElo "2508"]
[BlackElo "2045"]
[PlyCount "71"]
[EventDate "2014.07.05"]
[EventType "swiss"]
[EventRounds "9"]
[EventCountry "ESP"]
[Source "Chessbase"]
[SourceDate "2014.07.18"]

1. e4 e5 2. Nf3 Nc6 3. Bb5 a6 4. Ba4 Nf6 5. O-O Nxe4 6. d4 exd4 7. Re1 d5 8.
Nxd4 Bd6 9. Nxc6 Bxh2+ 10. Kh1 Qh4 11. Rxe4+ dxe4 12. Qd8+ Qxd8 13. Nxd8+ Kxd8
14. Kxh2 Be6 15. Be3 f5 16. Nc3 Ke7 17. Rd1 c6 18. Bb3 h6 19. Bb6 Bxb3 20. axb3
g5 21. Na4 Rh7 22. Nc5 Kf8 23. Nd7+ Kf7 24. Rd6 f4 25. Nf6 Rhh8 26. Nxe4 Rhe8
27. f3 Re6 28. Rd2 Rae8 29. Nd6+ Rxd6 30. Rxd6 Re2 31. Bd4 Rxc2 32. Rxh6 c5 33.
Bc3 b5 34. Rf6+ Ke7 35. Rf5 b4 36. Bg7 1-0

[Event "Torredembarra op"]
[Site "Torredembarra"]
[Date "2014.07.12"]
[Round "8"]
[White "Farran Martos, FX."]
[Black "Gonzalez Rodriguez, JA."]
[Result "0-1"]
[WhiteElo "2314"]
[BlackElo "2385"]
[PlyCount "85"]
[EventDate "2014.07.05"]
[EventType "swiss"]
[EventRounds "9"]
[EventCountry "ESP"]
[Source "Chessbase"]
[SourceDate "2014.07.18"]

1. e4 e6 2. d4 d5 3. Nc3 Bb4 4. e5 b6 5. Nh3 Qd7 6. Nf4 Ba6 7. Bxa6 Nxa6 8. Qd3
Nb8 9. O-O c5 10. Qg3 g6 11. Ncxd5 exd5 12. c3 Nc6 13. cxb4 Nxd4 14. bxc5 bxc5
15. Be3 Ne7 16. Bxd4 cxd4 17. Rfe1 O-O 18. Nh5 Qe6 19. Nf6+ Kg7 20. Qh4 h6 21.
Qxd4 Rfd8 22. Rac1 Nf5 23. Qd3 d4 24. Rc4 Rac8 25. b3 Rxc4 26. bxc4 Rc8 27. Nd5
h5 28. h3 h4 29. f4 Qa6 30. Re2 Qxc4 31. Qxc4 Rxc4 32. Re1 Rc2 33. Nf6 Ne3 34.
Rb1 g5 35. f5 Nxf5 36. Rb8 Ne3 37. Rg8+ Kh6 38. Ng4+ Nxg4 39. hxg4 d3 40. Rd8
d2 41. Kh2 Rxa2 42. Rd7 a5 43. Kh3 0-1

[Event "Torredembarra op"]
[Site "Torredembarra"]
[Date "2014.07.12"]
[Round "8"]
[White "Galimany Rovira, X."]
[Black "Midonet, M."]
[Result "1/2-1/2"]
[WhiteElo "2017"]
[BlackElo "2161"]
[PlyCount "90"]
[EventDate "2014.07.05"]
[EventType "swiss"]
[EventRounds "9"]
[EventCountry "ESP"]
[Source "Chessbase"]
[SourceDate "2014.07.18"]

1. c4 e5 2. g3 Nf6 3. Bg2 Nc6 4. Nc3 Bc5 5. d3 h6 6. Nf3 d6 7. O-O O-O 8. a3 a6
9. b4 Ba7 10. Bb2 Nd4 11. Nxd4 exd4 12. Nd5 Ng4 13. Nf4 Re8 14. Rc1 c6 15. Re1
Qe7 16. Qc2 Bf5 17. c5 dxc5 18. bxc5 Rad8 19. Qc4 g5 20. Nh3 Ne5 21. Qb4 Bxc5
22. Qxc5 Qxc5 23. Rxc5 Nxd3 24. Rxf5 Nxe1 25. Bf1 b6 26. f4 gxf4 27. Nxf4 Re3
28. Nh5 c5 29. Bc1 Re6 30. Nf6+ Kg7 31. Nh5+ Kg8 32. Nf6+ Kg7 33. Nh5+ Kf8 34.
Nf4 Red6 35. Nd3 Nxd3 36. exd3 Rc8 37. Bf4 Re6 38. Rd5 Rce8 39. Bd2 Kg7 40. Kf2
Re5 41. Rd6 R8e6 42. Rd7 Re7 43. Rd6 R5e6 44. Rd5 Re5 45. Rd6 R5e6 1/2-1/2

[Event "Torredembarra op"]
[Site "Torredembarra"]
[Date "2014.07.12"]
[Round "8"]
[White "Viñas Racionero, JC."]
[Black "Navarro Perez, M."]
[Result "1/2-1/2"]
[WhiteElo "2010"]
[BlackElo "2096"]
[PlyCount "150"]
[EventDate "2014.07.05"]
[EventType "swiss"]
[EventRounds "9"]
[EventCountry "ESP"]
[Source "Chessbase"]
[SourceDate "2014.07.18"]

1. e4 d6 2. d4 Nf6 3. Nc3 g6 4. Be3 Bg7 5. h3 O-O 6. Bd3 Nc6 7. a3 e5 8. Nge2
d5 9. Bg5 exd4 10. Nxd5 Be6 11. Bc4 Bxd5 12. Bxd5 Ne7 13. Bxb7 Rb8 14. e5 Nd7
15. Nxd4 Nxe5 16. Be4 Nc4 17. Nc6 Qxd1+ 18. Rxd1 Nxc6 19. Bxc6 Rxb2 20. O-O
Rxc2 21. Rc1 Rxc1 22. Rxc1 Ne5 23. Be4 c6 24. Be3 a5 25. f4 f5 26. Bb1 Nd7 27.
Ba2+ Kh8 28. Rxc6 Re8 29. Kf2 Rb8 30. Kf3 Bb2 31. a4 Nf6 32. Rb6 Rxb6 33. Bxb6
Bc3 34. Ke3 Nh5 35. Kd3 Bf6 36. Bc7 Bb2 37. Bd5 Kg7 38. Bf3 Nf6 39. Bxa5 Bc1
40. Bc7 Nd7 41. Kc4 Be3 42. a5 h6 43. Bc6 Nf8 44. Be5+ Kf7 45. a6 Ba7 46. Kd5
g5 47. fxg5 Ng6 48. Bd4 Ne7+ 49. Kc4 Nxc6 50. Bxa7 Nxa7 51. gxh6 Kg6 52. Kc5
Kxh6 53. Kd5 Kg5 54. Ke5 Nc6+ 55. Kd6 Na7 56. Ke6 f4 57. Ke5 Nc6+ 58. Ke4 Na7
59. h4+ Kxh4 60. Kxf4 Kh5 61. Kf5 Kh6 62. Kf6 Kh5 63. Kf5 Kh6 64. Ke6 Kg5 65.
Kd6 Nb5+ 66. Kc5 Na7 67. Kb6 Nc8+ 68. Kc7 Na7 69. Kb7 Nb5 70. Kb6 Nd6 71. Ka7
Kg4 72. Kb8 Nb5 73. a7 Nxa7 74. Kxa7 Kg3 75. Kb7 Kg4 1/2-1/2

[Event "Torredembarra op"]
[Site "Torredembarra"]
[Date "2014.07.13"]
[Round "9"]
[White "Gonzalez Rodriguez, JA."]
[Black "Alarcon Casellas, R."]
[Result "1-0"]
[WhiteElo "2385"]
[BlackElo "2378"]
[PlyCount "75"]
[EventDate "2014.07.05"]
[EventType "swiss"]
[EventRounds "9"]
[EventCountry "ESP"]
[Source "Chessbase"]
[SourceDate "2014.07.18"]

1. b3 d5 2. Bb2 Bf5 3. g3 c6 4. Bg2 e6 5. Nf3 h6 6. O-O Nf6 7. d3 Be7 8. Nbd2
O-O 9. c4 a5 10. Re1 a4 11. bxa4 Qa5 12. Qb3 Nbd7 13. Ba3 Nc5 14. Bxc5 Bxc5 15.
Qxb7 Rab8 16. Nb3 Qxe1+ 17. Rxe1 Rxb7 18. Nxc5 Rb2 19. Ne5 Rxa2 20. h3 Rb8 21.
Nxc6 Rbb2 22. cxd5 Rxe2 23. Rxe2 Rxe2 24. d6 Ra2 25. a5 g5 26. g4 Ra1+ 27. Kh2
Bh7 28. Be4 Bg6 29. Bxg6 fxg6 30. d7 Nxd7 31. Nxd7 Kf7 32. d4 Ra2 33. Kg2 h5
34. Nc5 hxg4 35. hxg4 e5 36. d5 e4 37. Nxe4 Ra1 38. Nc5 1-0

[Event "Torredembarra op"]
[Site "Torredembarra"]
[Date "2014.07.13"]
[Round "9"]
[White "Lasinskas, P."]
[Black "Burg, T."]
[Result "0-1"]
[WhiteElo "2212"]
[BlackElo "2508"]
[PlyCount "44"]
[EventDate "2014.07.05"]
[EventType "swiss"]
[EventRounds "9"]
[EventCountry "ESP"]
[Source "Chessbase"]
[SourceDate "2014.07.18"]

1. d4 e6 2. c4 b6 3. Nc3 Bb7 4. e4 Bb4 5. f3 Ne7 6. Be3 O-O 7. Bd3 f5 8. Nge2
fxe4 9. fxe4 Ng6 10. g3 c5 11. d5 Ne5 12. Ng1 Qf6 13. Kd2 b5 14. Qe2 bxc4 15.
Bxc4 Nxc4+ 16. Qxc4 exd5 17. exd5 Qd6 18. Kc2 Bxc3 19. Qxc3 Qxd5 20. Ne2 Qf5+
21. Kd2 Bxh1 22. Rxh1 Qd5+ 0-1